Mechanical engineers' handbook: energy and power
Guardat en:
| Autor principal: | |
|---|---|
| Format: | Llibre |
| Idioma: | anglès |
| Publicat: |
Hoboken
John Wiley and Sons
2006
|
| Edició: | 3a. ed |
| Matèries: | |
| Etiquetes: |
Afegir etiqueta
Sense etiquetes, Sigues el primer a etiquetar aquest registre!
|
MARC
| LEADER | 00000nam a2200000 a 4500 | ||
|---|---|---|---|
| 001 | UCJ2204 | ||
| 003 | CL-VaPUC | ||
| 008 | 061201e20060000us |||||||||||||||||eng|d | ||
| 020 | |a 0471719889 | ||
| 082 | 0 | 4 | |a 621 |b KUT |2 21 |
| 100 | |a Kutz, Myer |e author |9 532939 | ||
| 245 | 1 | 0 | |a Mechanical engineers' handbook: energy and power |
| 250 | |a 3a. ed | ||
| 300 | |a 1088 p | ||
| 942 | |c BK | ||
| 945 | |d 20061201 00:00:00 |a cmena | ||
| 260 | |a Hoboken |b John Wiley and Sons |c 2006 | ||
| 650 | 0 | |a Ingeniería mecánica |9 262089 | |
| 650 | 0 | |a Energía |9 259431 | |
| 650 | 7 | |a PROPIEDADES TERMOFISICAS |2 CL-VaPUC |9 352310 | |
| 650 | 0 | |a Mecánica de fluidos |9 259464 | |
| 650 | 0 | |a Combustión |9 339668 | |
| 650 | 0 | |a Contaminación del aire |9 255745 | |
| 650 | 7 | |a TURBINAS |2 CL-VaPUC |9 263552 | |
| 583 | |a last modification |c 20171116 02:15:55 |k Rodrigo Vera | ||
| 999 | |c 318554 |d 318552 | ||
| 952 | |0 0 |1 0 |4 0 |6 621_000000000000000_KUT_2006 |7 0 |8 F |9 396400 |a BIBMEC |b BIBMEC |d 2019-11-22 |i 4304357 |o 621 KUT 2006 |p 4304357 |r 2024-01-19 |w 2019-11-22 |y BK_F |k MEC | ||